Introduction to information visualization (Record no. 11435)

000 -LEADER
fixed length control field 00678cam a22002177a 4500
020 ## - INTERNATIONAL STANDARD BOOK NUMBER
International Standard Book Number 978-1-84800-218-0
020 ## - INTERNATIONAL STANDARD BOOK NUMBER
International Standard Book Number 9781848002197
040 ## - CATALOGING SOURCE
Modifying agency DLC
082 04 - DEWEY DECIMAL CLASSIFICATION NUMBER
Classification number 001.4226
Edition number 22
100 1# - MAIN ENTRY--PERSONAL NAME
Personal name Mazza, Riccardo,
245 10 - TITLE STATEMENT
Title Introduction to information visualization
Statement of responsibility, etc. Riccardo Mazza.
260 ## - PUBLICATION, DISTRIBUTION, ETC.
Place of publication, distribution, etc. London :
Name of publisher, distributor, etc. Springer,
Date of publication, distribution, etc. c2009.
300 ## - PHYSICAL DESCRIPTION
Extent xviii, 139 p. :
Other physical details ill. (some col.) ;
Dimensions 24 cm.
504 ## - BIBLIOGRAPHY, ETC. NOTE
Bibliography, etc. note Includes bibliographical references and index.
650 #0 - SUBJECT ADDED ENTRY--TOPICAL TERM
Topical term or geographic name entry element Information visualization.
650 07 - SUBJECT ADDED ENTRY--TOPICAL TERM
Topical term or geographic name entry element Graphische Darstellung.
Source of heading or term swd
650 07 - SUBJECT ADDED ENTRY--TOPICAL TERM
Topical term or geographic name entry element Information.
Source of heading or term swd
650 07 - SUBJECT ADDED ENTRY--TOPICAL TERM
Topical term or geographic name entry element Mensch-Maschine-Kommunikation.
Source of heading or term swd
650 07 - SUBJECT ADDED ENTRY--TOPICAL TERM
Topical term or geographic name entry element Visualisierung.
Source of heading or term swd
942 ## - ADDED ENTRY ELEMENTS (KOHA)
Source of classification or shelving scheme
Koha item type Book
Holdings
Withdrawn status Lost status Damaged status Not for loan Collection code Permanent Location Current Location Shelving location Date acquired Source of acquisition Cost, normal purchase price Total Checkouts Full call number Barcode Date last seen Date last checked out Price effective from Koha item type
        Computer Science Central Library (CL) Central Library (CL) First Floor - Computer Science 11/12/2012 Allied Book Company 3597.69 2 001.4226 MAZ SEECS011675 11/30/2023 11/12/2023 01/05/2017 Book
        Computer Science Central Library (CL) Central Library (CL) First Floor - Computer Science 11/12/2012 Allied Book Company 3597.69   001.4226 MAZ SEECS011676 05/19/2021   01/05/2017 Book
        Computer Science Central Library (CL) Central Library (CL) First Floor - Computer Science 11/12/2012 Allied Book Company 3597.69   001.4226 MAZ SEECS011677 05/19/2021   01/05/2017 Book
© 2023 Central Library, National University of Sciences and Technology. All Rights Reserved.